Town centre boost needed (Record no. 117019)

MARC details
000 -LEADER
fixed length control field 00907cam a2200217 4500
001 - CONTROL NUMBER
control field WB4006-14
008 - FIXED-LENGTH DATA ELEMENTS--GENERAL INFORMATION
fixed length control field 040212n2004 000 0 eng u
035 ## - SYSTEM CONTROL NUMBER
System control number (Sirsi) u125128
245 ## - TITLE STATEMENT
Title Town centre boost needed
260 ## - PUBLICATION, DISTRIBUTION, ETC.
Date of publication, distribution, etc. 2004
490 ## - SERIES STATEMENT
Series statement Planning (for the Natural and Built Environment)
Volume/sequential designation (1555) 6 February 2004, 4(1)
520 ## - SUMMARY, ETC.
Summary, etc. Research published in "Research study on the effectiveness of NPPG8" has suggested that a new approach should be adopted to raise the profile of town centres in government policy. The research was conducted to test the effectiveness of NPPG8 planning guidance in Scotland. Copies of the report can be downloaded from http://www.scotland.gov.uk/library5/planning/nppg8 03-00.asp.
590 ## - LOCAL NOTE (RLIN)
Local note WB
590 ## - LOCAL NOTE (RLIN)
Local note WB
650 ## - SUBJECT ADDED ENTRY--TOPICAL TERM
Topical term or geographic name entry element TOWN CENTRES
650 ## - SUBJECT ADDED ENTRY--TOPICAL TERM
Topical term or geographic name entry element NPPG8
650 ## - SUBJECT ADDED ENTRY--TOPICAL TERM
Topical term or geographic name entry element SCOTLAND
650 ## - SUBJECT ADDED ENTRY--TOPICAL TERM
Topical term or geographic name entry element PLANNING GUIDANCE
690 ## - LOCAL SUBJECT ADDED ENTRY--TOPICAL TERM (OCLC, RLIN)
Topical term or geographic name as entry element PLANNING
942 ## - ADDED ENTRY ELEMENTS (KOHA)
Suppress in OPAC 0
Holdings
Withdrawn status Lost status Source of classification or shelving scheme Damaged status Not for loan Home library Current library Shelving location Date acquired Total Checkouts Full call number Barcode Date last seen Copy number Price effective from Koha item type
    Dewey Decimal Classification     London London News article 12/02/2004   WB4006-14 125128-1001 06/08/2019 1 06/08/2019 News article